Margaret Cavendish : essential writings /

Margaret Cavendish, a 17th-century philosopher, scientist, poet, playwright, and novelist, went to battle with the great thinkers of her time, and in many cases arguably got the better of them, but she did not have the platform that she would have had in the 21st century. She took a creative and sys...

Full description

Bibliographic Details
Main Author: Cunning, David (Author)
Other Authors: Newcastle, Margaret Cavendish, Duchess of, 1624?-1674
Format: eBook
Language:English
Published: New York, NY : Oxford University Press, [2019].
Series:Oxford new histories of philosophy.
Subjects:
Online Access:Connect to the full text of this electronic book

MARC

Tag First Indicator Second Indicator Subfields
LEADER 00000cam a2200000 i 4500
001 in00005717536
005 20260319181126.7
006 m o d
007 cr |||||||||||
008 190709t20192019nyu fob 001 0deng d
040 |a STBDS  |b eng  |e rda  |e pn  |c STBDS  |d OCLCO  |d BRX  |d OCLCF  |d STF  |d GZM  |d YDX  |d U3G  |d OCLCO  |d OCLCQ  |d OCLCO  |d OCLCL  |d CLOUD  |d OCLCO  |d OCLCQ  |d OCLCL  |d OCLCQ 
019 |a 1100427236  |a 1492348276 
020 |a 9780190946876  |q ebook 
020 |a 0190946873  |q ebook 
020 |z 0190664061 
020 |z 9780190664060 
020 |a 9780190664084 
020 |a 0190664088 
035 |a (OCoLC)1113713503  |z (OCoLC)1100427236  |z (OCoLC)1492348276 
037 |a w8oz5r9  |b cloudLibrary  |n https://yourcloudlibrary.com 
050 4 |a B1299.N274 
072 7 |a PHI010000  |2 bisacsh 
072 7 |a PHI031000  |2 bisacsh 
072 7 |a PHI000000  |2 bisacsh 
072 7 |a PHI013000  |2 bisacsh 
072 7 |a PHI016000  |2 bisacsh 
072 7 |a PHI009000  |2 bisacsh 
072 7 |a PHI019000  |2 bisacsh 
082 0 4 |a 192  |2 23 
049 |a TXAM 
100 1 |a Cunning, David,  |e author.  |1 https://id.oclc.org/worldcat/entity/E39PCjxXqryq4yGHftGp6MhkcP 
245 1 0 |a Margaret Cavendish :  |b essential writings /  |c David Cunning. 
264 1 |a New York, NY :  |b Oxford University Press,  |c [2019]. 
264 4 |c ©2019 
300 |a 1 online resource (xxvii, 240 pages). 
336 |a text  |b txt  |2 rdacontent 
337 |a computer  |b c  |2 rdamedia 
338 |a online resource  |b cr  |2 rdacarrier 
490 1 |a Oxford new histories of philosophy 
500 |a Also issued in print: 2019. 
504 |a Includes bibliographical references and index. 
520 8 |a Margaret Cavendish, a 17th-century philosopher, scientist, poet, playwright, and novelist, went to battle with the great thinkers of her time, and in many cases arguably got the better of them, but she did not have the platform that she would have had in the 21st century. She took a creative and systematic stand on the major questions of philosophy of mind, epistemology, metaphysics, and political philosophy. This volume of Cavendish's writings provides a cross-section of her interconnected writings, views, and arguments. 
521 |a Specialized. 
588 |a Description based on online resource; title from home page (viewed on July 9, 2019). 
505 0 |a Introduction -- Worlds Olio -- Philosophical and physical opinion -- Philosophical letters -- Observations upon experimental philosophy -- Grounds of natural philosophy -- Poems and fancies -- Fiction -- List of suggested secondary readings. 
600 1 0 |a Newcastle, Margaret Cavendish,  |c Duchess of,  |d 1624?-1674  |x Criticism and interpretation. 
600 1 7 |a Newcastle, Margaret Cavendish,  |c Duchess of,  |d 1624?-1674  |2 fast  |1 https://id.oclc.org/worldcat/entity/E39PBJrC8p7h3Pygh9x4x3FR8C 
650 0 |a Philosophy, British  |y 17th century. 
650 6 |a Philosophie britannique  |y 17e siècle. 
650 7 |a Humanism.  |2 bisacsh 
650 7 |a Movements.  |2 bisacsh 
650 7 |a PHILOSOPHY.  |2 bisacsh 
650 7 |a Metaphysics.  |2 bisacsh 
650 7 |a Modern.  |2 bisacsh 
650 7 |a History & Surveys.  |2 bisacsh 
650 7 |a Political.  |2 bisacsh 
650 7 |a Philosophy, British  |2 fast 
648 7 |a 1600-1699  |2 fast 
655 7 |a Electronic books.  |2 local 
655 7 |a Criticism, interpretation, etc.  |2 fast 
700 1 2 |a Newcastle, Margaret Cavendish,  |c Duchess of,  |d 1624?-1674.  |t Works.  |k Selections. 
758 |i has work:  |a Selections Works (Text)  |1 https://id.oclc.org/worldcat/entity/E39PCGyqhc3ryt3TxK7qGbfW9P  |4 https://id.oclc.org/worldcat/ontology/hasWork 
776 0 8 |i Print version: Newcastle, Margaret Cavendish, Duchess of, 1624?-1674.  |s Works. Selections.  |t Margaret Cavendish.  |d New York, NY : Oxford University Press, [2019]  |z 9780190664053  |w (DLC) 2019286588  |w (OCoLC)1099999643 
830 0 |a Oxford new histories of philosophy. 
856 4 0 |u http://proxy.library.tamu.edu/login?url=https://academic.oup.com/book/32231  |z Connect to the full text of this electronic book  |t 0 
936 |a BATCHLOAD 
955 |a Oxford Scholarship Online 
994 |a 92  |b TXA 
999 f f |i f066d518-f055-496f-afe3-005b305b2aaa  |s 4baddeba-b950-40e2-9e25-d91f7765d46c  |t 0 
952 f f |a Texas A&M University  |b College Station  |c Electronic Resources  |s www_evans  |d Available Online  |t 0  |e B1299.N274   |h Library of Congress classification 
998 f f |a B1299.N274   |t 0  |l Available Online